Last fortress of congress dominance: Maharashtra since the 1998s (Record no. 1225946)
[ view plain ]
| 000 -LEADER | |
|---|---|
| fixed length control field | 00751nam a2200229Ia 4500 |
| 005 - DATE AND TIME OF LATEST TRANSACTION | |
| control field | 20241129105805.0 |
| 008 - FIXED-LENGTH DATA ELEMENTS--GENERAL INFORMATION | |
| fixed length control field | 241129s9999||||xx |||||||||||||| ||und|| |
| 020 ## - INTERNATIONAL STANDARD BOOK NUMBER | |
| International Standard Book Number | 978-93-5388-679-0 |
| 037 ## - SOURCE OF ACQUISITION | |
| Stock number | TB |
| 040 ## - CATALOGING SOURCE | |
| Original cataloging agency | ARTS |
| Language of cataloging | eng |
| Transcribing agency | ARTS |
| 041 ## - LANGUAGE CODE | |
| Language code of text/sound track or separate title | eng |
| Source of code | eng |
| 084 ## - COLON CLASSIFICATION NUMBER | |
| Classification number | W.231 R1 |
| Assigning agency | ARTS |
| 100 ## - MAIN ENTRY--PERSONAL NAME | |
| Personal name | Palshikar Suhas Au.; Deshpande Rajeshwari Au. |
| 9 (RLIN) | 724745 |
| 245 #0 - TITLE STATEMENT | |
| Title | Last fortress of congress dominance: Maharashtra since the 1998s |
| Statement of responsibility, etc. | Palshikar Suhas Au.; Deshpande Rajeshwari Au. |
| 260 ## - PUBLICATION, DISTRIBUTION, ETC. | |
| Place of publication, distribution, etc. | Las, USA |
| Name of publisher, distributor, etc. | Las Angeles Sage |
| Date of publication, distribution, etc. | 2022 |
| 300 ## - PHYSICAL DESCRIPTION | |
| Extent | xxvii,280p. |
| 365 ## - TRADE PRICE | |
| Price type code | INR |
| Price amount | 1295 |
| 490 ## - SERIES STATEMENT | |
| Series statement | Sage series on politics in indian states; Vol. 5 |
| 650 ## - SUBJECT ADDED ENTRY--TOPICAL TERM | |
| Topical term or geographic name entry element | Political Science |
| 942 ## - ADDED ENTRY ELEMENTS (KOHA) | |
| Koha item type | Textbook |
| Classification part | W.231 R1 |
No items available.
